000 00940nac a22002897a 4500
001 BR8703585
003 BR-BrBNA
005 20240105120514.0
008 230509b bl.|||m| |||| 00| 0 por d
040 _aBR-BrBNA
_bpor
_cBiblioteca Nacional de Agricultura
072 _aK50
090 _a8919 BR8703585
100 1 _aZvinakevicius, C.
100 1 _aKato, J.
100 1 _aPimenta, D.L.
100 1 _aFonseca, M.J.O.
110 1 _aCelulose Nipo-Brasileira S.A., Belo Oriente, MG (Brasil)
_91355
245 1 _aEstudo de variacao de alcali no branqueamento e reversao da alvura
260 3 _aBelo Oriente, MG (Brasil):
_c1980.
300 _a10 p.
490 _aCENIBRA Pesquisa. Serie 2 (Brazil)
_vno. 14
_x
500 _a(*) Documento disponível na(o) CENIBRA, Belo Oriente, MG (Brazil)
650 _aCELULOSE
650 _aINDUSTRIA FLORESTAL
909 _a202312
_bLúcia Elande
_c55
_dLúcia Elande
942 _2AGRIS
_n0
_cMS
999 _c279826
_d279826